000 00806nam a2200265Ia 4500
003 OSt
005 20220928115518.0
006 a|||||r|||| 00| 0
007 ta
008 220927b |||||||| |||| 00| 0 eng d
020 _cINR 599.00
024 _a134404
037 _b0278, 08/03/2017, Bookwell Publications
_cTextual
040 _aSDCL
_cSDCL
_beng
041 _2eng
_aeng
082 _aY15, Q5 LR
100 _aSandberg Sheryl
_9394544
245 0 _aLean in
_bwomen ,women,work, and the will to lead
260 _aLondon
_bW H Allen
_c2015
300 _axi,232p.
_ccm.
650 _aReference
700 _a Scovell Nell
_9444656
942 _hY15, Q5 LR
_cTEXL
_2CC
999 _c759707
_d759707